000 00286nam a22001217a 4500
008 230627b |||||||| |||| 00| 0 eng d
082 _a813
100 _aBHANAWAT, Narendra
245 _aYe Mere Man
260 _aJaipur
_bSidhyashree Prakashan
_c1993
300 _a100p
942 _2ddc
_cBK
999 _c3139
_d3139